000
00342nam a2200145Ia 4500
008
230718s9999 xx 000 0 und d
041
_a
Eng.
082
_a
891.4391
_b
QUD-S
100
_a
qudart ul Allah shahbab
245
0
_a
shahbab nasir
260
_a
Pakistan
_b
sang chil publisher
_c
2017
300
_a
783
650
_a
Law
999
_c
31705
_d
31705